LEADER 01343nam a2200265 i 4500 001 000000121147 003 CaOOAMICUS 005 20031209000000.0 008 031209s1946 it u000 u fre u 013 $a93841 040 $aSeMil$bita 245 10$aSaint Paul :$bépitre aux Galates, épitres aux Thessaloniciens /$ctraduction et commentaire par François Amiot , professeur au séminaire de Saint-Sulpice, Ancien supérieur du grand séminaire du Puy. 260 $aParis :$bBeauchesne,$c1946. 300 $a391 p. ;$c19 cm. 490 0 $aVerbum Salutis ;$v14. 500 $aContiene : Table alphabétique ; Table des matières. 650 4$aBibbia. Nuovo Testamento. Lettere ai Galati - Commentari, studi, critica, interpretazioni.$0(OLS)http://semarc/subject/5754 650 4$aBibbia - NT - Lettere ai Tessalonicesi.$0(OLS)http://semarc/subject/6028 700 1 $aAmiot, François.$0(OLS)http://semarc/name/7040 830 0$aVerbum Salutis ;$v14.$0(OLS)http://semarc/title/13440 850 $aSeMil 852 $aSeMil$W1$xVenegono$y1$m660 31 14 *$j76250$B76250$CSeMilBibl$Z2$F77723 $81 961 $aRecupero: Biblioteca Seminario Saronno 996 $6245$aSaint Paul :$bépitre aux Galates, épitres aux Thessaloniciens$9(OLS)http://semarc/title/178323 996 $6260$aParis :$bBeauchesne$9(OLS)http://semarc/publisher/29638